| 000 | 00461cam a2200169ua 4500 | ||
|---|---|---|---|
| 041 |
_aeng _h |
||
| 082 |
_a621.3 _bPAG/PR |
||
| 100 | _aPage, Leigh . | ||
| 245 |
_aPrinciples of electricity: a text book in electricity and magnetism / _cLeigh Page. _hTextual Documents |
||
| 250 |
_a2 / _b. |
||
| 260 |
_aNew Delhi : _bS.Chand and Co , _c1955. |
||
| 300 | _a468 ; . | ||
| 504 | _a | ||
| 700 | 1 | _aAdams , Norman itsley . | |
| 942 | _cBK | ||
| 999 |
_c8806 _d8806 |
||